Le otto montagne /

Hlavní autor: Cognetti, Paolo, 1978-
Jazyk: Italština
Vydáno: Torino : Einaudi, [2016]
Témata:
Fyzický popis: 199 stran ; 23 cm
Knihy
Uloženo v:
LEADER 00952nam a2200301 i 4500
001 001722412
003 CZ BrMZK
005 20200210093649.0
007 ta
008 191216t20162016it g 000 f ita
020 |a 978-88-06-22672-5  |q (vázáno) 
040 |a BOA001  |b cze  |e rda 
072 7 |a 821.131.1-3  |x Italská próza  |2 Konspekt  |9 25 
080 |a 821.131.1-31  |2 MRF 
080 |a (0:82-31)  |2 MRF 
100 1 |a Cognetti, Paolo,  |d 1978-  |7 xx0217103  |4 aut 
245 1 3 |a Le otto montagne /  |c Paolo Cognetti 
264 1 |a Torino :  |b Einaudi,  |c [2016] 
264 4 |c ©2016 
300 |a 199 stran ;  |c 23 cm 
336 |a text  |b txt  |2 rdacontent 
337 |a bez média  |b n  |2 rdamedia 
338 |a svazek  |b nc  |2 rdacarrier 
655 7 |a italské romány  |7 fd132481  |2 czenas 
910 |a BOA001  |b 2-1441.171 
990 |a BK 
991 |b 202002  |c NOV 
996 7 |b 2610809661  |c 2-1441.171  |l Cizojazyčná beletrie  |r ZHR  |n 4  |p kupz  |h BI-COG  |w 001774188  |u 000010  |a 0  |e BOA001  |j MZK50  |s A